15 Largest Cities in Moldova🇲🇩 - Statistics

General Stats
  • This quiz has been taken 38 times
  • The average score is 8 of 15
Answer Stats
Population Cities % Correct
635k Chisinau
97%
157k Tiraspol
90%
125k Balti
79%
110k Bender
69%
34k Cahul
69%
24k Orhei
55%
55k Ribnita
52%
34k Ungheni
52%
22k Comrat
48%
27k Soroca
48%
23k Dubasari
41%
22k Edinet
31%
22k Ceadir-Lunga
28%
19k Straseni
28%
21k Causeni
24%
No matching quizzes found
Score Distribution
Percent of People with Each Score
Percentile by Number Answered
Your Score History
You have not taken this quiz